| 000 | 00329nam a22001337a 4500 | ||
|---|---|---|---|
| 020 | _aNA | ||
| 082 |
_222 _a658.4033 |
||
| 100 | _aAnderson david J and williams thomes A. | ||
| 245 | _aQuantitatime Methods for business / | ||
| 250 | _b5th | ||
| 260 |
_aWPC, _bWPC, _cc1992. |
||
| 300 |
_a851 p,; _bNA _c24cm. |
||
| 942 |
_2ddc _cCIVIL _01 |
||
| 999 |
_c3102 _d3102 |
||